Online katalóg knižníc regiónu Turca

Chyťte ho! (Record no. 22757)

MARC details
000 -LEADER
fixed length control field 00909cam a2200313 a 4500
001 - CONTROL NUMBER
control field 22757
003 - CONTROL NUMBER IDENTIFIER
control field SK-KTurca
005 - DATE AND TIME OF LATEST TRANSACTION
control field 20260423102506.0
008 - FIXED-LENGTH DATA ELEMENTS--GENERAL INFORMATION
fixed length control field 160624s1992 xo 0000f cze
015 ## - NATIONAL BIBLIOGRAPHY NUMBER
National bibliography number SNBA1992/08
020 ## - INTERNATIONAL STANDARD BOOK NUMBER
International Standard Book Number 8085597020
035 ## - SYSTEM CONTROL NUMBER
System control number SNK000011580
040 ## - CATALOGING SOURCE
Original cataloging agency SNK
Language of cataloging slo
Transcribing agency SNK
Description conventions AACR2
041 0# - LANGUAGE CODE
Language code of text/sound track or separate title cze
Language code of original eng
044 ## - COUNTRY OF PUBLISHING/PRODUCING ENTITY CODE
MARC country code xo
ISO country code SK
080 ## - UNIVERSAL DECIMAL CLASSIFICATION NUMBER
Universal Decimal Classification number 820 (73)-3=850
Edition identifier 1981
100 1# - MAIN ENTRY--PERSONAL NAME
Personal name Leonard, Elmore,
Dates associated with a name 1925-2013
Relationship aut
240 10 - UNIFORM TITLE
Uniform title Get Shorty
Language of a work Česky
245 1# - TITLE STATEMENT
Title Chyťte ho!
Statement of responsibility, etc. Elmore Leonard ; přeložila Alena Kováčová
250 ## - EDITION STATEMENT
Edition statement 1. vyd.
260 ## - PUBLICATION, DISTRIBUTION, ETC.
Place of publication, distribution, etc. Bratislava
Name of publisher, distributor, etc. S Aktuell
Date of publication, distribution, etc. 1992
Place of manufacture Brno
Manufacturer Spektrum
300 ## - PHYSICAL DESCRIPTION
Extent 302 s.
Dimensions 17 cm
500 ## - GENERAL NOTE
General note Preložené z angličtiny
655 #7 - INDEX TERM--GENRE/FORM
Genre/form data or focus term americké romány
Source of term SNKPH
655 #7 - INDEX TERM--GENRE/FORM
Genre/form data or focus term detektívne romány
Source of term SNKPH
700 1# - ADDED ENTRY--PERSONAL NAME
Personal name Kováčová, Alena
Relationship trl
942 ## - ADDED ENTRY ELEMENTS (KOHA)
Source of classification or shelving scheme Dewey Decimal Classification
Koha item type Krásna literatúra pre dospelých
Suppress in OPAC No
Holdings
Stav vyradenia Strata Poškodenie Spôsob nadobudnutia Domovská knižnica Aktuálna knižnica Dátum nadobudnutia Total checkouts Čiarový kód exemplára Date last seen Typ exemplára
      Dar Obecná knižnica Belá-Dulice Obecná knižnica Belá-Dulice 23.04.2026   4735903390 23.04.2026 Krásna literatúra pre dospelých
Projekt je podporený Slovenskou asociáciou knižníc
Prevádzkuje Turčianska knižnica Martin 2026